00935nam a2200277 i 4500003000900000005001700009007000300026008004100029020001500070040003000085082001400115100003800129245007400167264003500241300004500276336002700321337003300348338002800381490001900409590002700428700003800455910000700493942001400500952012600514999001700640DO-SdBNP20240422095044.0ta240422s1992 xxu 001 0dspa d a8471004437 aDO-SdBNPbspacBNPHUerda 4bB174i222 aBalcácer, Juan D.eautor962270 aLa independencia dominicana /cJuan D. Barcácer, Manuel A. García aSanto Domingo :bMapfre,c1992 a243 páginas :bilustraciones ;c22 cm. 2rdacontentatextobtxt 2rdamediaasin mediaciónbn 2rdacarrieravolumenbnc aMapfre ;v1492 aInventariado, 2024/ DG aGarcía, Manuel A.eautor985299 aDG 2ddccLBS1 00102ddc51708PDaBNPHUbBNPHUcCTd2024-04-22edonaciónl0oBNPHU PD B174ip2024-2410r2024-04-22w2024-04-22yLBS1 c56474d56474